000 00544nam a22002057a 4500
005 20150330083259.0
008 000919s2001 nyu 000 0 eng
020 _a0071363882
041 0 _aeng
080 _a070.48
100 1 _aKalbfeld, Brad,
245 1 0 _aAssociated Press broadcast news handbook /
_cBrad Kalbfeld.
246 3 0 _aBroadcast news handbook
260 _aNew York :
_bMcGraw-Hill,
_c2001.
300 _a476 f. ;
_c24 cm.
650 0 _aGazetaria
650 0 _aMedia
830 0 _aAssociated Press series.
942 _2udc
_cBK
999 _c610
_d610